Catàleg d'ofertes per als ajuntaments 2010 [Recurs electrònic] : sensibilització per a la solidaritat i la cooperació al desenvolupament sensibilització per a la solidaritat i la cooperació al desenvolupament
Publicado:
Barcelona :
Diputació de Barcelona. Àrea de Presidència. Direcció de Relacions Internacionals ,
2010
Descripción Física:
1 disc òptic (CD-ROM) ; 12 cm
MARC
| LEADER | 00000nam a2200000Ia 4500 | ||
|---|---|---|---|
| 001 | 23331 | ||
| 008 | 160829s2010 xx 000 0 cat d | ||
| 080 | |a CD-1-207 | ||
| 245 | |a Catàleg d'ofertes per als ajuntaments 2010 [Recurs electrònic] : |b sensibilització per a la solidaritat i la cooperació al desenvolupament | ||
| 260 | |a Barcelona : |b Diputació de Barcelona. Àrea de Presidència. Direcció de Relacions Internacionals, |c 2010 | ||
| 300 | |a 1 disc òptic (CD-ROM) ; |c 12 cm | ||
| 590 | |a També està disponible en paper, amb R. 22523 | ||
| 650 | 0 | |a Cooperació internacional |9 20418 | |
| 650 | |a Solidaritat |9 50422 | ||
| 710 | |a Barcelona (Catalunya : Província). |b Direcció de Relacions Internacionals |9 51072 | ||
| 901 | |a Arxiu | ||
| 942 | |n 1 | ||
| 952 | |0 0 |1 0 |4 0 |6 CD1207 |7 1 |9 54770 |a Arxiu |b Arxiu |d 2011-11-16 |l 0 |o CD-1-207 |p 23331 |r 2016-12-01 00:00:00 |w 2016-12-01 |y ARXIU | ||
| 999 | |c 58639 |d 58639 | ||